000 00482nam a2200193Ia 4500
005 20250326142732.0
008 250326s9999 xx 000 0 und d
037 _aTextbook
040 _aFMSL
_beng
_cFMSL
041 _aeng
_2eng
084 _qFMSL
100 _aGupta SP
_9744351
245 0 _aBusiness Statistics
_cGupta Sp; Gupta M P
250 _aEd 2
260 _aSultan
_bSultan, Chand & Sons
_c1979
300 _a713p
942 _cTB
999 _c1296418
_d1296418